000 00437cam a2200181ua 4500
001 6018
008 131031n ii |||gr||||Z||||||eng
040 _cMAIN
082 _a909
245 _aWorld History
_cBy Debo Prasad Barooah
250 _a2nd rev. ed.
260 _aPathsala:
_bBani Prakash,
_c1966.
300 _ax,239p.
653 _aHistory
653 _aWorld History
700 _aBarooah,Debo Prasad.,
_eAuthor.
942 _cBK
999 _c5171
_d5171